000 00555nam a22002177a 4500
005 20170124110123.0
010 _a998474
020 _c00.00
037 _bCen Lib/Ret
040 _aDPL
_bEN
082 _aN
_bTRE
100 _aTrew, Antony
_931082
245 _aTwo hours to darkness /
_cby Antony Trew
260 _aLondon
_bCollins
_c1963
270 _aSt. James,s Place
_bLondon
300 _a320p.
_c18cm(Hb)
650 _aNuclear submarines
_931083
650 _aPolaris (Missile)
_931084
700 _930706
942 _2ddc
_cEN
_hN
_mTRE
999 _c131185
_d131185